Oceňovanie spoločností na základe porovnávacej metódy

Metóda stanovenia hodnoty spoločnosti za pomoci porovnávania, resp. relatívneho ohodnocovania (pomocou tzv. market multiples). Dve alternatívy tejto metódy - trading multiples a transaction multiples.

Salvato in:
Dettagli Bibliografici
Autore principale: Kušnír, Peter
Natura: Capitolo di libro
Lingua:slovacco
Soggetti:
Tags: Aggiungi Tag
Nessun Tag, puoi essere il primo ad aggiungerne!!

MARC

LEADER 00000naa a2200000 4500
001 0152734
005 20240730114808.5
041 0 |a slo 
044 |a SK 
245 1 0 |a Oceňovanie spoločností na základe porovnávacej metódy  |c Peter Kušnír 
520 |a Metóda stanovenia hodnoty spoločnosti za pomoci porovnávania, resp. relatívneho ohodnocovania (pomocou tzv. market multiples). Dve alternatívy tejto metódy - trading multiples a transaction multiples. 
610 2 0 |a oceňovanie 
610 2 0 |a ohodnocovanie podniku 
610 2 0 |a fúzie 
610 2 0 |a akvizícia 
610 2 0 |a firmy 
610 2 0 |a spoločnosti 
100 1 |a Kušnír, Peter